Регионална библиотека "Любен Каравелов" - Русе

Малка помология (Запис номер 170261)

MARC детайли
000 -Лидер
Контролно поле с фиксирана дължина 01671nam a2200313 c 4500
003 - Код на организацията, давaща контролен номер
Контролно поле BLK
005 - Дата и час на последна редакция
Контролно поле 20221011094116.0
008 - Елементи от данни с фиксирана дължина
fixed length control field 180411b bul|||||r ||||||| ||bul||
010 ## - Наследен системен номер
LC control number KNG00178392000
040 ## - Източник на каталожния запис
Идентификатор на билиотеката - собственик на записа BLK
041 ## - Код за език
Код за езика на текст/звукозапис или на отделно заглавие Български
Код за езика КДБФ Български
080 ## - УДК
Текстов определител УДК Овощарство в цялост
УДК код - определител по УДК 634.1
УДК определител
УДК - код + определител 634.1
139 ## - Редно поле
Редна дума Малка помология
Авторски знак Малк - М 23
245 10 - Сведения за заглавието
Заглавие Малка помология
Подзаглавни данни Моногр. : Т. 1 -
Редно поле (дума) авт. на том Иван Илиев; под ред. на Иван Илиев.
Том Т. 2
Заглавие на том Костилкови овощни видове
257 ## - Страна на издаване
Страна на създаване/издаване България
260 ## - Област на издателските данни
-- Пловдив
Име на издателя, разпространителя и проч. Христо Г. Данов
Година на издаване 1984 -
Печатница София : Балкан
300 ## - Физическа характеристика
Размери/Мащаб 21 см
380 ## - Жанр
Жанр Селско стопанство
650 #4 - Допълнително описание по предмет – тема
Основно описание – тема или топоним Овощни култури - сортове
9 (RLIN) 322857
653 ## - Ключова дума – ненормативна
Ключова дума овощни култури
700 1# - Други автори (авторска отговорност)
Лично име Илиев, Иван
9 (RLIN) 364404
700 1# - Други автори (авторска отговорност)
Лично име Илиев, Иван
9 (RLIN) 364404
760 1# - Описание на основната серия
Място на издаване, издател и година 1985
Свързани части Т. 2: Костилкови овощни видове / Иван Илиев и др. ; Под ред. на Иван Илиев. - 1985. - 344 с. : с ил. - Други авт : В. Василев, В. Георгиев, Й. Григоров, А. Петров, М. Йончева, П. Мондешка, Н. Николов ; Пълното име на първия авт. е Иван Илиев Иванов. - Библиогр. с. 335-338.
Страници - том 344 с. : с ил.
Заглавие Т. 2 Костилкови овощни видове
852 ## - Местоположение
Форматна сигнатура Цб 129522
856 4# - Електронен адрес и достъп
Електронен формат pdf - файл
Път до файла /url/
856 4# - Електронен адрес и достъп
Електронен формат pdf - файл
Път до файла /url/
942 ## - АРТИКУЛИ
Вид на библиотечния материал Книги
Скрит в OPAC Не
944 ## - СЪЗДАВАНЕ И РЕДАКЦИЯ на ЗАПИСА
Създаване/Редакция Създаване
Дата на регистрацията/редакция 17.07.2015
Служител, извършил регистрацията/редакцията Кина_Георгиева
944 ## - СЪЗДАВАНЕ И РЕДАКЦИЯ на ЗАПИСА
Създаване/Редакция Редакция
Дата на регистрацията/редакция 17.07.2015
Служител, извършил регистрацията/редакцията Кина_Георгиева
999 ## - СИСТЕМНИ КОНТРОЛНИ НОМЕРА
Koha biblionumber 170261
Koha biblioitemnumber 170261
Наличности
Код за отписване Код за изгубен артикул Източник на класификационната схема Код за повреда Коз за рестрикции Код за отдаване Артикулен № Име на библиотеката - собственик Име на библиотеката, в която се намира в момента Статус (Текущо местоположение) Дата на вписване в системата Местоположение - отдел Цена в лева Инвентарен номер Систематично азбучна сигнатура Баркод Номер на екземпляра Цена в евро Служебна бележка Служебен тип на артикула
  Не е изгубен Universal Decimal Classification Не е повреден без рестрикции ползва се в читалня 288317 Регионална библиотека "Любен Каравелов" Русе Регионална библиотека "Любен Каравелов" Русе Хранилище 1985-01-01 Хранилище 3.43 438525 Цб 129522 900000008742 1 1.75 N: стар фонд Дата: 01.01.1985 Книги
Изтеглен Не е изгубен Universal Decimal Classification Не е повреден без рестрикции заемане за дома 288318 Регионална библиотека "Любен Каравелов" Русе Регионална библиотека "Любен Каравелов" Русе Заемна - подръчен фонд 1985-01-01 Заемна - подръчен фонд 3.43 469957 П 634.1/М 23 469957 2 1.75 N: стар фонд Дата: 01.01.1985 Книги
Изтеглен Не е изгубен Universal Decimal Classification Не е повреден без рестрикции заемане за дома 288319 Регионална библиотека "Любен Каравелов" Русе Регионална библиотека "Любен Каравелов" Русе Заемна - подръчен фонд 1985-01-01 Заемна - подръчен фонд 3.43 469956 П 634.1/М 23 469956 3 1.75 N: стар фонд Дата: 01.01.1985 Книги
Изтеглен Не е изгубен Universal Decimal Classification Не е повреден без рестрикции заемане за дома 288320 Регионална библиотека "Любен Каравелов" Русе Регионална библиотека "Любен Каравелов" Русе Заемна - подръчен фонд 1985-01-01 Заемна - подръчен фонд 3.43 469955 П 634.1/М 23 469955 4 1.75 N: стар фонд Дата: 01.01.1985 Книги
  Не е изгубен Universal Decimal Classification Не е повреден без рестрикции заемане за дома 288321 Регионална библиотека "Любен Каравелов" Русе Регионална библиотека "Любен Каравелов" Русе Детски отдел 1985-01-01 Детски отдел 3.43 473760 ДН 633/635/М 23 120000473760 5 1.75 N: стар фонд Дата: 01.01.1985 Дата инв: 19.08.2015 Бележки инв: Д2015 Книги
Vip Innovations Ltd, Rousse, Bulgaria 2025